[Event "CAN-ch U14"]
[Site "Toronto CAN"]
[Date "1997.02.01"]
[Round "2"]
[White "Goguen, Patrick"]
[Black "Henson, Joshua"]
[Result "0-1"]
[WhiteElo "1623"]
[BlackElo "1959"]
[PlyCount "24"]
[GameId "2160767911966606"]
[EventDate "1997.01.31"]
[EventType "swiss"]
[EventRounds "5"]
[EventCountry "CAN"]

1. d4 Nf6 2. c4 e6 3. Nc3 Bb4 4. Bg5 h6 5. Bh4 c5 6. a3 Bxc3+ 7. bxc3 Qa5 8. Qd2 Ne4 9. Qd3 Nxc3 10. Qd2 cxd4 11. Qxd4 Nc6 12. Qxg7 Ne4+ 0-1

[Event "CAN-ch U14"]
[Site "Toronto CAN"]
[Date "1997.02.01"]
[Round "2"]
[White "Gottlieb, Jonathan"]
[Black "Hacatoglu, Kevork"]
[Result "1-0"]
[WhiteElo "1966"]
[BlackElo "2000"]
[PlyCount "77"]
[GameId "2160767911966607"]
[EventDate "1997.01.31"]
[EventType "swiss"]
[EventRounds "5"]
[EventCountry "CAN"]

1. e4 e6 2. d4 d5 3. exd5 exd5 4. c4 Nf6 5. Nc3 Bf5 6. Nf3 c6 7. Bf4 Bb4 8. Qe2+ Ne4 9. Bd2 Bxc3 10. bxc3 O-O 11. Qd1 Re8 12. Be2 Qe7 13. Rc1 Nd7 14. Be3 Ndf6 15. h3 Ng3 16. Rg1 Nxe2 17. Qxe2 Nh5 18. Ne5 Bg6 19. g4 Nf6 20. h4 h6 21. h5 Be4 22. g5 hxg5 23. Bxg5 Kh7 24. f3 Bf5 25. Qf2 Qe6 26. Kd2 Nxh5 27. Rce1 g6 28. Qh4 Kg7 29. Ng4 Qd6 30. Bf6+ Kh7 31. Be5 Rxe5 32. dxe5 Qd8 33. Nf6+ Kh8 34. Qg5 dxc4+ 35. Kc1 Qf8 36. Nxh5 Qa3+ 37. Kd1 Qa4+ 38. Ke2 Qc2+ 39. Ke3 1-0

[Event "CAN-ch U14"]
[Site "Toronto CAN"]
[Date "1997.02.01"]
[Round "3"]
[White "Chu, Stefanie"]
[Black "Ho, Andrew"]
[Result "1/2-1/2"]
[WhiteElo "2032"]
[BlackElo "2309"]
[PlyCount "59"]
[GameId "2160767911966608"]
[EventDate "1997.01.31"]
[EventType "swiss"]
[EventRounds "5"]
[EventCountry "CAN"]

1. e4 c5 2. Nc3 e6 3. g3 d5 4. exd5 exd5 5. Bg2 Nf6 6. d3 d4 7. Ne4 Nxe4 8. Bxe4 Bd6 9. Ne2 Nd7 10. Nf4 Nf6 11. Bg2 O-O 12. O-O Bg4 13. Bf3 Bxf3 14. Qxf3 Bxf4 15. Bxf4 Qd7 16. Rfe1 Rfe8 17. c3 dxc3 18. bxc3 Nd5 19. Bd2 Nb6 20. Rad1 Rxe1+ 21. Rxe1 c4 22. d4 Nd5 23. Re5 Rd8 24. Bc1 f6 25. Re2 a5 26. Ba3 Qa4 27. Be7 Rd7 28. Bc5 Rd8 29. Be7 Qd1+ 30. Kg2 1/2-1/2

[Event "CAN-ch U14"]
[Site "Toronto CAN"]
[Date "1997.02.01"]
[Round "3"]
[White "Davies, Jordan"]
[Black "Goguen, Patrick"]
[Result "1/2-1/2"]
[WhiteElo "1834"]
[BlackElo "1623"]
[PlyCount "77"]
[GameId "2160767911966609"]
[EventDate "1997.01.31"]
[EventType "swiss"]
[EventRounds "5"]
[EventCountry "CAN"]

1. Nf3 d6 2. g3 Nf6 3. Bg2 g6 4. O-O Bg7 5. c4 O-O 6. d4 c5 7. e3 Nc6 8. Nc3 Bg4 9. h3 Bxf3 10. Bxf3 e6 11. b3 Nd7 12. Ne2 e5 13. Bb2 exd4 14. exd4 cxd4 15. Nxd4 Nde5 16. Nxc6 Nxc6 17. Bxg7 Kxg7 18. Qd3 Qe7 19. Rad1 Rfd8 20. Rfe1 Qf6 21. Bg2 Rd7 22. Re3 Rad8 23. Qd2 Qg5 24. f4 Qa5 25. Rd3 Qxd2 26. R3xd2 h6 27. c5 Ne7 28. Rxd6 Rxd6 29. Rxd6 Rc8 30. b4 b6 31. cxb6 axb6 32. Rxb6 Rc1+ 33. Kh2 Rc2 34. Rb5 Nf5 35. Re5 Rxa2 36. h4 Rb2 37. Re4 Rb3 38. g4 Nxh4 39. Bh3 1/2-1/2

[Event "CAN-ch U14"]
[Site "Toronto CAN"]
[Date "1997.02.01"]
[Round "3"]
[White "Hacatoglu, Kevork"]
[Black "Henson, Joshua"]
[Result "0-1"]
[WhiteElo "2000"]
[BlackElo "1959"]
[PlyCount "32"]
[GameId "2160767911966611"]
[EventDate "1997.01.31"]
[EventType "swiss"]
[EventRounds "5"]
[EventCountry "CAN"]

1. e4 c5 2. Nf3 e6 3. d4 cxd4 4. Nxd4 Nf6 5. Nc3 d6 6. Be3 a6 7. Bc4 Be7 8. f3 Nc6 9. Qd2 Bd7 10. Bb3 b5 11. g4 Rc8 12. h4 Ne5 13. h5 h6 14. a3 a5 15. Bf4 Qb6 16. Qf2 Qxd4 0-1

[Event "CAN-ch U14"]
[Site "Toronto CAN"]
[Date "1997.02.01"]
[Round "3"]
[White "Joshi, Anand"]
[Black "Gottlieb, Jonathan"]
[Result "0-1"]
[WhiteElo "1603"]
[BlackElo "1966"]
[PlyCount "48"]
[GameId "2160767911966612"]
[EventDate "1997.01.31"]
[EventType "swiss"]
[EventRounds "5"]
[EventCountry "CAN"]

1. e4 c5 2. f4 d6 3. d3 Nc6 4. c3 Nf6 5. Nf3 e6 6. g3 Be7 7. Bg2 O-O 8. O-O Re8 9. h3 Qc7 10. Na3 a6 11. Nc2 Bd7 12. g4 c4 13. Be3 cxd3 14. Qxd3 Rac8 15. Nh2 Na5 16. Na3 d5 17. Rfc1 Bxa3 18. bxa3 dxe4 19. Qf1 Nd5 20. Qf2 Nc4 21. Bd4 Nxf4 22. Bf1 e5 23. Be3 Nd3 24. Bxd3 exd3 0-1

[Event "CAN-ch U14"]
[Site "Toronto CAN"]
[Date "1997.02.02"]
[Round "4"]
[White "Goguen, Patrick"]
[Black "Joshi, Anand"]
[Result "0-1"]
[WhiteElo "1623"]
[BlackElo "1603"]
[PlyCount "106"]
[GameId "2160767911966614"]
[EventDate "1997.01.31"]
[EventType "swiss"]
[EventRounds "5"]
[EventCountry "CAN"]

1. d4 Nf6 2. c4 g6 3. Nc3 Bg7 4. Bg5 O-O 5. Bxf6 Bxf6 6. Nf3 d6 7. e3 c6 8. Be2 Qb6 9. Qb3 Qxb3 10. axb3 e5 11. dxe5 dxe5 12. O-O Bf5 13. e4 Be6 14. Rfd1 Na6 15. Rd2 Nc5 16. Ra3 Nd7 17. b4 Be7 18. c5 b6 19. Bc4 Nxc5 20. bxc5 Bxc5 21. Bxe6 Bxa3 22. Bxf7+ Rxf7 23. bxa3 Re7 24. Rd6 Rc8 25. a4 b5 26. h3 b4 27. Nd1 c5 28. Rd5 c4 29. Rb5 c3 30. Ne3 c2 31. Nxc2 Rxc2 32. Rxb4 h6 33. Rb5 Rc4 34. Nxe5 Rxe4 35. Nxg6 R7e6 36. Rb8+ Kf7 37. Rb7+ Kxg6 38. Rxa7 Re1+ 39. Kh2 Ra1 40. a5 Kf5 41. a6 Raxa6 42. Rxa6 Rxa6 43. g3 Ra2 44. Kg2 h5 45. Kf3 Ra3+ 46. Kg2 Rb3 47. Kh2 Ke4 48. Kg2 Ra3 49. Kf1 Kf3 50. Kg1 Ra1+ 51. Kh2 Kxf2 52. g4 hxg4 53. hxg4 Ra8 0-1

[Event "CAN-ch U14"]
[Site "Toronto CAN"]
[Date "1997.02.02"]
[Round "4"]
[White "Hacatoglu, Kevork"]
[Black "Davies, Jordan"]
[Result "1-0"]
[WhiteElo "2000"]
[BlackElo "1834"]
[PlyCount "31"]
[GameId "2160767911966615"]
[EventDate "1997.01.31"]
[EventType "swiss"]
[EventRounds "5"]
[EventCountry "CAN"]

1. e4 c5 2. Nf3 Nc6 3. d4 cxd4 4. Nxd4 e5 5. Nb5 a6 6. N5c3 Nf6 7. Bc4 Bc5 8. Bg5 d6 9. Bb3 Be6 10. Nd2 Rc8 11. Nd5 Bxf2+ 12. Kxf2 Ng4+ 13. Qxg4 Bxg4 14. Bxd8 Nxd8 15. c3 O-O 16. Ne7+ 1-0

[Event "CAN-ch U14"]
[Site "Toronto CAN"]
[Date "1997.02.02"]
[Round "4"]
[White "Henson, Joshua"]
[Black "Gottlieb, Jonathan"]
[Result "1-0"]
[WhiteElo "1959"]
[BlackElo "1966"]
[PlyCount "88"]
[GameId "2160767911966616"]
[EventDate "1997.01.31"]
[EventType "swiss"]
[EventRounds "5"]
[EventCountry "CAN"]

1. e4 c5 2. Nf3 d6 3. d4 cxd4 4. Nxd4 Nf6 5. Nc3 a6 6. Be2 b5 7. Be3 Bb7 8. Bf3 Nbd7 9. Nb3 e6 10. O-O b4 11. Ne2 Bxe4 12. Bxe4 Nxe4 13. Qd4 d5 14. f4 Rc8 15. f5 Rxc2 16. fxe6 fxe6 17. Nf4 Ndc5 18. Qd1 Rc4 19. Qh5+ Kd7 20. Nxd5 g6 21. Qh3 Ke8 22. Nxc5 Ng5 23. Nf6+ Qxf6 24. Bxg5 Bxc5+ 25. Be3 Bxe3+ 26. Qxe3 Qd4 27. Rfe1 Ke7 28. Rad1 Qxe3+ 29. Rxe3 Rhc8 30. Rde1 R8c6 31. Rh3 h5 32. Rg3 Rc1 33. Rge3 Rxe1+ 34. Rxe1 Rc2 35. Rb1 e5 36. a3 b3 37. Kf1 Ke6 38. h3 e4 39. g4 hxg4 40. hxg4 Rh2 41. Kg1 Rh4 42. Rc1 Rxg4+ 43. Kf2 Kd5 44. Rc3 Kd4 1-0

[Event "CAN-ch U16"]
[Site "Victoria CAN"]
[Date "1997.03.09"]
[Round "1"]
[White "Bertrand, Eric"]
[Black "Chin, Garrett"]
[Result "1-0"]
[WhiteElo "1919"]
[BlackElo "1999"]
[PlyCount "47"]
[GameId "2160767911966331"]
[EventDate "1997.03.09"]
[EventType "tourn"]
[EventRounds "9"]
[EventCountry "CAN"]

1. e4 e5 2. Nf3 Qe7 3. Bc4 Nf6 4. d3 h6 5. O-O g6 6. Nc3 c6 7. Be3 Bg7 8. h3 O-O 9. Nh4 Kh7 10. f4 Nh5 11. Qe1 Bf6 12. Nf3 exf4 13. Bd4 Bxd4+ 14. Nxd4 d6 15. Nde2 g5 16. d4 f5 17. Bd3 Ng7 18. h4 fxe4 19. Nxe4 Bf5 20. Nxf4 Re8 21. Ng3 Qd7 22. Nxf5 Rxe1 23. Ne7+ Nf5 24. Raxe1 1-0

[Event "CAN-ch U16"]
[Site "Victoria CAN"]
[Date "1997.03.09"]
[Round "1"]
[White "Golts, Roman"]
[Black "Zugic, Igor"]
[Result "0-1"]
[WhiteElo "2296"]
[BlackElo "2352"]
[PlyCount "54"]
[GameId "2160767911966333"]
[EventDate "1997.03.09"]
[EventType "tourn"]
[EventRounds "9"]
[EventCountry "CAN"]

1. e4 e6 2. d4 d5 3. Nd2 Nf6 4. e5 Nfd7 5. Ngf3 c5 6. c3 Nc6 7. Bd3 f5 8. exf6 Nxf6 9. O-O cxd4 10. cxd4 Bd6 11. Re1 O-O 12. Nb3 Qc7 13. Bg5 Ng4 14. h3 Bh2+ 15. Kf1 Nxf2 16. Kxf2 Qg3+ 17. Ke3 e5 18. dxe5 Nxe5 19. Nbd4 Nxf3 20. Nxf3 Qxg2 21. Kd4 Bg3 22. Qe2 Bf2+ 23. Kxd5 Rxf3 24. Bc4 Kh8 25. Kd6 Rf8 26. Rad1 Qc6+ 27. Ke5 Rf5# 0-1

[Event "CAN-ch U16"]
[Site "Victoria CAN"]
[Date "1997.03.09"]
[Round "1"]
[White "Wong, Samuel"]
[Black "Ho, Andrew"]
[Result "0-1"]
[WhiteElo "1981"]
[BlackElo "2309"]
[PlyCount "152"]
[GameId "2160767911966335"]
[EventDate "1997.03.09"]
[EventType "tourn"]
[EventRounds "9"]
[EventCountry "CAN"]

1. d4 g6 2. c4 Bg7 3. Nc3 d6 4. e4 Nd7 5. Nf3 e5 6. Be2 Ne7 7. O-O O-O 8. d5 f5 9. Qc2 a5 10. Nd2 Nf6 11. Rd1 Bh6 12. Bd3 Bd7 13. Nf1 Bxc1 14. Rdxc1 f4 15. f3 g5 16. Kf2 g4 17. Ne2 b6 18. Nd2 Qe8 19. Rh1 Qh5 20. Nc3 Ng6 21. Ke2 Nh4 22. Rag1 Kf7 23. Qc1 Rg8 24. Qf1 Rg7 25. Ke1 Rag8 26. Be2 Ke8 27. a3 gxf3 28. Bxf3 Qg6 29. Qf2 Nxf3+ 30. Qxf3 Ng4 31. Nd1 Qh6 32. Nf1 Nf6 33. Nf2 Qh4 34. Kd2 Qxf2+ 35. Qxf2 Nxe4+ 36. Ke2 Nxf2 37. Kxf2 Bf5 38. Kf3 Bh3 39. g3 Bxf1 40. Rxf1 fxg3 41. hxg3 Rxg3+ 42. Ke4 R3g4+ 43. Kd3 Rd4+ 44. Kc3 Rg3+ 45. Kc2 Rxc4+ 46. Kb1 Rg7 47. Rh6 Rf4 48. Rfh1 Kd7 49. Rxh7 Rxh7 50. Rxh7+ Kc8 51. Rh8+ Kb7 52. Rh7 Rd4 53. Kc2 Rxd5 54. Kc3 Rd4 55. b3 b5 56. Rg7 b4+ 57. axb4 axb4+ 58. Kc2 Kc6 59. Rh7 Rg4 60. Re7 Rg3 61. Rf7 Rc3+ 62. Kb2 Kd5 63. Rf1 c5 64. Rd1+ Kc6 65. Re1 Kd7 66. Rh1 e4 67. Rh7+ Kc6 68. Re7 e3 69. Re8 d5 70. Re6+ Kd7 71. Re5 Kd6 72. Re8 d4 73. Rd8+ Ke5 74. Re8+ Kd5 75. Rd8+ Ke4 76. Re8+ Kd3 0-1

[Event "CAN-ch U16"]
[Site "Victoria CAN"]
[Date "1997.03.10"]
[Round "2"]
[White "Chin, Garrett"]
[Black "McLean, Nathan"]
[Result "1/2-1/2"]
[WhiteElo "1999"]
[BlackElo "1969"]
[PlyCount "107"]
[GameId "2160767911966337"]
[EventDate "1997.03.09"]
[EventType "tourn"]
[EventRounds "9"]
[EventCountry "CAN"]

1. e4 c5 2. Nf3 Nc6 3. d3 g6 4. g3 Bg7 5. Bg2 d6 6. O-O e5 7. Nc3 Nge7 8. h3 O-O 9. Ne2 f5 10. c3 Kh8 11. Be3 Be6 12. Kh2 h6 13. Qc2 g5 14. Rad1 f4 15. Bc1 Qe8 16. g4 Bf6 17. Nd2 h5 18. f3 hxg4 19. hxg4 Kg7 20. Kg1 Ng6 21. Kf2 Nh4 22. b3 Nxg2 23. Kxg2 Rh8 24. Nc4 Qd7 25. Rh1 b5 26. Na3 b4 27. Nb1 bxc3 28. Nbxc3 Nd4 29. Nxd4 cxd4 30. Ne2 Rac8 31. Qb1 d5 32. Bb2 dxe4 33. dxe4 Rxh1 34. Rxh1 Qb5 35. Nc1 Qc6 36. Rf1 Qc2+ 37. Qxc2 Rxc2+ 38. Rf2 Rxf2+ 39. Kxf2 Be7 40. Ke2 Bd6 41. Nd3 Kf7 42. Bc1 Ke7 43. Bd2 Kd7 44. Bb4 Bxb4 45. Nxb4 Kd6 46. Nd3 Bd7 47. Kd2 Bb5 48. a3 Bxd3 49. Kxd3 Kc5 50. Kd2 a5 51. Kd3 Kb5 52. Kd2 a4 53. b4 Kc4 54. Kc2 1/2-1/2

[Event "CAN-ch U16"]
[Site "Victoria CAN"]
[Date "1997.03.10"]
[Round "2"]
[White "Ho, Andrew"]
[Black "Golts, Roman"]
[Result "1-0"]
[WhiteElo "2309"]
[BlackElo "2296"]
[PlyCount "77"]
[GameId "2160767911966339"]
[EventDate "1997.03.09"]
[EventType "tourn"]
[EventRounds "9"]
[EventCountry "CAN"]

1. d4 Nf6 2. c4 e6 3. Nc3 Bb4 4. Qc2 c5 5. dxc5 Bxc5 6. Bf4 Nc6 7. Nf3 O-O 8. e3 d5 9. a3 Qa5 10. O-O-O dxc4 11. Bxc4 a6 12. Kb1 b5 13. Bd3 Be7 14. Ne4 Bb7 15. Nxf6+ Bxf6 16. Bxh7+ Kh8 17. Rd7 Bc8 18. Rc7 e5 19. Rxc6 exf4 20. Be4 Bb7 21. Rc5 Bxe4 22. Qxe4 g6 23. Qxf4 Kg7 24. Rc6 Qd8 25. Qd6 Qxd6 26. Rxd6 a5 27. Rhd1 Rfb8 28. Rc6 a4 29. Rdd6 Be7 30. Rd7 Bf6 31. Rcc7 Rf8 32. Nd4 Bxd4 33. Rxd4 Rfd8 34. Rcd7 Rxd7 35. Rxd7 Rc8 36. Rd5 Rb8 37. Kc2 b4 38. axb4 Rxb4 39. Rd4 1-0

[Event "CAN-ch U16"]
[Site "Victoria CAN"]
[Date "1997.03.10"]
[Round "3"]
[White "Bertrand, Eric"]
[Black "Hua, Lefong"]
[Result "1/2-1/2"]
[WhiteElo "1919"]
[BlackElo "2308"]
[PlyCount "110"]
[GameId "2160767911966341"]
[EventDate "1997.03.09"]
[EventType "tourn"]
[EventRounds "9"]
[EventCountry "CAN"]

1. e4 g6 2. d4 Bg7 3. f4 d6 4. Nf3 Nd7 5. Be3 Ngf6 6. Nbd2 c5 7. c3 O-O 8. h3 Nh5 9. g4 Ng3 10. Rg1 Nxf1 11. Nxf1 cxd4 12. cxd4 b5 13. Qd3 a6 14. Ng3 Bb7 15. Kf2 Rc8 16. Rac1 Qa5 17. a3 Qb6 18. f5 a5 19. Nd2 Ba6 20. b4 axb4 21. axb4 Qb7 22. h4 Nb6 23. d5 Nc4 24. Bd4 Ne5 25. Bxe5 Bxe5 26. Nf3 Bb2 27. Rc2 Qb6+ 28. Kg2 Rxc2+ 29. Qxc2 Bg7 30. Qf2 Qxf2+ 31. Kxf2 Rc8 32. Rb1 Rc4 33. Rb3 gxf5 34. Nxf5 Rxe4 35. Ra3 Bc8 36. Ra8 e6 37. Rxc8+ Bf8 38. Nxd6 exd5 39. Nxf7 Rxb4 40. Nh6+ Kg7 41. Nf5+ Kg8 42. Ne7+ Kf7 43. Nxd5 Rb2+ 44. Ke3 Rb3+ 45. Ke4 Bd6 46. Ng5+ Kg7 47. Rd8 Bg3 48. Rd7+ Kg6 49. Rxh7 Bxh4 50. Rxh4 Kxg5 51. Rh8 Kxg4 52. Rg8+ Kh3 53. Nf4+ Kh2 54. Rh8+ Kg1 55. Ne2+ Kf1 1/2-1/2

[Event "CAN-ch U16"]
[Site "Victoria CAN"]
[Date "1997.03.10"]
[Round "3"]
[White "Wong, Samuel"]
[Black "Chin, Garrett"]
[Result "0-1"]
[WhiteElo "1981"]
[BlackElo "1999"]
[PlyCount "178"]
[GameId "2160767911966344"]
[EventDate "1997.03.09"]
[EventType "tourn"]
[EventRounds "9"]
[EventCountry "CAN"]

1. d4 g6 2. c4 Bg7 3. Nc3 c5 4. Nf3 Nf6 5. e3 O-O 6. Be2 cxd4 7. Nxd4 Nc6 8. O-O d6 9. Re1 Bd7 10. Nb3 b6 11. a3 Rc8 12. Qc2 Ne5 13. Nd2 Qc7 14. b3 b5 15. Bb2 a6 16. Rac1 Qb8 17. cxb5 Bxb5 18. Bxb5 axb5 19. Qb1 b4 20. Na4 Nc6 21. Nc4 bxa3 22. Bxa3 Nd7 23. Red1 Rfd8 24. Rc2 Nce5 25. Nxe5 Bxe5 26. Rdc1 Nf8 27. Rxc8 Rxc8 28. Rxc8 Qxc8 29. Qc1 Qb8 30. Qc2 Ne6 31. Bb2 Bxb2 32. Qxb2 Qb4 33. Qc3 Qxc3 34. Nxc3 Kf8 35. Kf1 Ke8 36. Ke2 Kd7 37. Kd3 Ng7 38. Kc4 e6 39. Kb5 Ne8 40. Kb6 Nc7 41. Kb7 d5 42. b4 e5 43. b5 d4 44. b6 Ne6 45. Ne4 Nd8+ 46. Ka8 Kc6 47. Ka7 d3 48. Nd2 Nb7 49. h3 Nd6 50. Ka6 f6 51. h4 Nb7 52. Ka7 Na5 53. Ka6 Nb7 54. Ka7 Nd8 55. Ka6 h6 56. Ka7 Nb7 57. Ka6 Nd6 58. f3 Nb7 59. Ka7 Nc5 60. Nf1 Nb7 61. Nd2 Nc5 62. Nf1 f5 63. Nd2 Nd7 64. b7 Kb5 65. b8=Q+ Nxb8 66. Kxb8 Kb4 67. Kc7 Kc3 68. Nb1+ Kb2 69. Nd2 Kc2 70. Nf1 Kd1 71. e4 Ke2 72. exf5 gxf5 73. Ng3+ Kf2 74. Nxf5 d2 75. Nxh6 d1=Q 76. Ng4+ Kg3 77. Nxe5 Kxh4 78. g4 Kg5 79. Nf7+ Kf6 80. Nd6 Qxf3 81. Ne8+ Ke7 82. Nd6 Qf4 83. g5 Qxd6+ 84. Kb7 Qg6 85. Kc7 Qxg5 86. Kc6 Qa5 87. Kb7 Kd6 88. Kb8 Kc6 89. Kc8 Qc7# 0-1

[Event "CAN-ch U16"]
[Site "Victoria CAN"]
[Date "1997.03.10"]
[Round "3"]
[White "Zugic, Igor"]
[Black "Ho, Andrew"]
[Result "0-1"]
[WhiteElo "2352"]
[BlackElo "2309"]
[PlyCount "90"]
[GameId "2160767911966345"]
[EventDate "1997.03.09"]
[EventType "tourn"]
[EventRounds "9"]
[EventCountry "CAN"]

1. d4 g6 2. c4 Bg7 3. Nf3 d6 4. g3 e5 5. dxe5 dxe5 6. Qxd8+ Kxd8 7. Nc3 c6 8. e4 Bg4 9. Ng5 Ke8 10. h3 Bd7 11. c5 f6 12. Nf3 Be6 13. Be3 Bh6 14. Bxh6 Nxh6 15. Nd2 Nd7 16. Na4 Nf7 17. Bc4 Ng5 18. Bxe6 Nxe6 19. Nb3 Kd8 20. O-O-O Kc7 21. h4 Rad8 22. a3 Rhf8 23. Kc2 f5 24. Rd6 Rde8 25. Rd2 fxe4 26. Nc3 Nd4+ 27. Nxd4 exd4 28. Rxd4 Rxf2+ 29. Rd2 Rxd2+ 30. Kxd2 e3+ 31. Ke2 Nxc5 32. Rf1 Nb3 33. Re1 Nd4+ 34. Kd3 Rd8 35. Ke4 Nf5 36. g4 Rd4+ 37. Kf3 Nxh4+ 38. Kg3 g5 39. Rxe3 h5 40. Ne4 hxg4 41. Re2 Nf5+ 42. Kg2 Rd3 43. Nxg5 Nh4+ 44. Kf1 g3 45. Ne4 Rd1+ 0-1

[Event "CAN-ch U16"]
[Site "Victoria CAN"]
[Date "1997.03.11"]
[Round "4"]
[White "Bertrand, Eric"]
[Black "McLean, Nathan"]
[Result "1-0"]
[WhiteElo "1919"]
[BlackElo "1969"]
[PlyCount "63"]
[GameId "2160767911966346"]
[EventDate "1997.03.09"]
[EventType "tourn"]
[EventRounds "9"]
[EventCountry "CAN"]

1. e4 c5 2. Nf3 Nc6 3. c3 Nf6 4. Bd3 d6 5. Bc2 Bg4 6. O-O Ne5 7. d4 Nxf3+ 8. gxf3 Bh5 9. Kh1 a6 10. Be3 e5 11. dxc5 dxc5 12. Qe2 Be7 13. Nd2 b5 14. c4 b4 15. Nb3 Qc7 16. a3 a5 17. axb4 cxb4 18. Nc1 O-O 19. b3 Nd7 20. Rg1 Kh8 21. Rg3 Nc5 22. Rh3 g6 23. Nd3 Nxd3 24. Bxd3 Qd7 25. Qf1 f5 26. exf5 gxf5 27. Rxh5 Rad8 28. Qh3 Rf7 29. Bxf5 Qd1+ 30. Rxd1 Rxd1+ 31. Kg2 Rg7+ 32. Bg4 1-0

[Event "CAN-ch U16"]
[Site "Victoria CAN"]
[Date "1997.03.11"]
[Round "4"]
[White "Chin, Garrett"]
[Black "Golts, Roman"]
[Result "1-0"]
[WhiteElo "1999"]
[BlackElo "2296"]
[PlyCount "67"]
[GameId "2160767911966348"]
[EventDate "1997.03.09"]
[EventType "tourn"]
[EventRounds "9"]
[EventCountry "CAN"]

1. e4 e5 2. Bc4 Nf6 3. d3 d6 4. Nf3 Be7 5. O-O O-O 6. h3 c6 7. Bb3 h6 8. Re1 Be6 9. c3 Nbd7 10. Bc2 Qc7 11. d4 Rfd8 12. Nbd2 Nf8 13. Nf1 Ng6 14. Ng3 Rd7 15. Qe2 Rad8 16. Be3 b5 17. Rad1 Bc4 18. Qd2 a5 19. Bb1 a4 20. Nf5 Bf8 21. Qc1 Nh5 22. Qc2 Nhf4 23. g3 Nh5 24. d5 cxd5 25. exd5 Nf6 26. N3h4 Nxh4 27. gxh4 Qb7 28. Kh2 Bxd5 29. Nxh6+ gxh6 30. Rg1+ Kh8 31. Qf5 Ne4 32. Rxd5 f6 33. Bxe4 Rg7 34. Qxf6 1-0

[Event "CAN-ch U16"]
[Site "Victoria CAN"]
[Date "1997.03.11"]
[Round "4"]
[White "Hua, Lefong"]
[Black "Ho, Andrew"]
[Result "1/2-1/2"]
[WhiteElo "2308"]
[BlackElo "2309"]
[PlyCount "75"]
[GameId "2160767911966350"]
[EventDate "1997.03.09"]
[EventType "tourn"]
[EventRounds "9"]
[EventCountry "CAN"]

1. d4 Nf6 2. c4 g6 3. Nc3 Bg7 4. e4 d6 5. f4 O-O 6. Nf3 Na6 7. Be2 e5 8. fxe5 dxe5 9. d5 c6 10. Bg5 Qb6 11. Na4 Qb4+ 12. Bd2 Qe7 13. Bd3 b5 14. cxb5 cxd5 15. bxa6 dxe4 16. Qb3 Be6 17. Qb7 Qxb7 18. axb7 Rab8 19. Nxe5 exd3 20. Nxd3 Rxb7 21. Nac5 Re7 22. O-O Bf5 23. Bg5 h6 24. Bh4 Re2 25. Rfe1 Rfe8 26. Kf1 R2e3 27. Rxe3 Rxe3 28. Rd1 Ne4 29. b3 Nc3 30. Rd2 Bg4 31. Bf2 Re8 32. Nc1 Bf5 33. Ne2 h5 34. Nxc3 Bxc3 35. Rd1 Bf6 36. Nd7 Bg5 37. Nc5 Bf4 38. h3 1/2-1/2

[Event "CAN-ch U16"]
[Site "Victoria CAN"]
[Date "1997.03.11"]
[Round "5"]
[White "McLean, Nathan"]
[Black "Hua, Lefong"]
[Result "0-1"]
[WhiteElo "1969"]
[BlackElo "2308"]
[PlyCount "72"]
[GameId "2160767911966353"]
[EventDate "1997.03.09"]
[EventType "tourn"]
[EventRounds "9"]
[EventCountry "CAN"]

1. e4 g6 2. d4 Bg7 3. Nf3 d6 4. Be2 Nd7 5. O-O b6 6. Nc3 Bb7 7. Be3 e6 8. Nd2 Ne7 9. f4 Nf6 10. Bf3 O-O 11. Ne2 c5 12. c3 Qc7 13. Rc1 Rac8 14. h3 b5 15. g3 Nd7 16. Kg2 Qb6 17. Nb3 a5 18. Qd2 Rfd8 19. g4 a4 20. Na1 Qa6 21. dxc5 Nxc5 22. Bxc5 dxc5 23. Qc2 Qa8 24. Ng3 b4 25. c4 Nc6 26. Ne2 Nd4 27. Nxd4 Rxd4 28. Rce1 Rcd8 29. Re2 Qa6 30. Rc1 Rd3 31. g5 e5 32. fxe5 Bxe5 33. h4 Bf4 34. Rce1 Rd2 35. Qb1 Qxc4 36. b3 Qe6 0-1

[Event "CAN-ch U16"]
[Site "Victoria CAN"]
[Date "1997.03.11"]
[Round "5"]
[White "Wong, Samuel"]
[Black "Bertrand, Eric"]
[Result "1/2-1/2"]
[WhiteElo "1981"]
[BlackElo "1919"]
[PlyCount "115"]
[GameId "2160767911966354"]
[EventDate "1997.03.09"]
[EventType "tourn"]
[EventRounds "9"]
[EventCountry "CAN"]

1. d4 d5 2. c4 e6 3. Nc3 Nf6 4. Bg5 Nbd7 5. e3 Be7 6. Nf3 O-O 7. Qc2 h6 8. Bh4 b6 9. cxd5 exd5 10. Bd3 Bb7 11. O-O c5 12. Rac1 Rc8 13. Qe2 Re8 14. Rfd1 Qc7 15. Nb5 Qd8 16. Nc3 Ne4 17. Bxe7 Qxe7 18. Bb1 Ndf6 19. h3 cxd4 20. Nxd4 Nxc3 21. Rxc3 Rxc3 22. bxc3 Ne4 23. Bxe4 dxe4 24. Nf5 Qa3 25. Nd6 Ba6 26. Qh5 Re7 27. Nxe4 Qa4 28. Rd8+ Re8 29. Rxe8+ Qxe8 30. Qd5 Qe7 31. Nd6 Qd7 32. Qa8+ Kh7 33. Qe4+ g6 34. Ne8 Qe6 35. Qxe6 fxe6 36. g3 Kg8 37. Kg2 Kf7 38. Nd6+ Ke7 39. Ne4 Bb7 40. f3 Bxe4 41. fxe4 Kd6 42. Kf3 e5 43. Ke2 Kc5 44. Kd2 a5 45. Kc2 b5 46. Kb3 b4 47. cxb4+ axb4 48. Kc2 Kc4 49. Kd2 Kb5 50. Kc2 Ka5 51. Kb3 Kb5 52. Kc2 h5 53. h4 Kc4 54. Kd2 b3 55. axb3+ Kxb3 56. Kd3 Kb4 57. Kc2 Kc4 58. Kd2 1/2-1/2

[Event "CAN-ch U16"]
[Site "Victoria CAN"]
[Date "1997.03.11"]
[Round "5"]
[White "Zugic, Igor"]
[Black "Chin, Garrett"]
[Result "1-0"]
[WhiteElo "2352"]
[BlackElo "1999"]
[PlyCount "81"]
[GameId "2160767911966355"]
[EventDate "1997.03.09"]
[EventType "tourn"]
[EventRounds "9"]
[EventCountry "CAN"]

1. d4 g6 2. Nf3 Bg7 3. c4 d6 4. g3 Nf6 5. Bg2 O-O 6. O-O Nbd7 7. Nc3 e5 8. e4 c6 9. h3 exd4 10. Nxd4 Qb6 11. Na4 Qc7 12. Be3 Re8 13. Nc3 Nc5 14. Qc2 Bd7 15. Rfe1 Re7 16. f4 Ne6 17. Nxe6 Bxe6 18. b3 Rae8 19. Bf2 Bc8 20. Rad1 b6 21. Kh2 Rd8 22. Rd2 Nd7 23. Red1 Nf8 24. Bd4 f5 25. Bxg7 Rxg7 26. Ne2 fxe4 27. Bxe4 Ne6 28. b4 Rgd7 29. Nc3 Bb7 30. f5 Ng5 31. fxg6 hxg6 32. Bg2 Kg7 33. h4 Nf7 34. Bh3 Re7 35. Bg2 Ne5 36. Ne4 d5 37. cxd5 cxd5 38. Qxc7 Rxc7 39. Ng5 Kf6 40. Rf1+ Ke7 41. Re2 1-0

[Event "CAN-ch U16"]
[Site "Victoria CAN"]
[Date "1997.03.12"]
[Round "6"]
[White "Bertrand, Eric"]
[Black "Golts, Roman"]
[Result "1/2-1/2"]
[WhiteElo "1919"]
[BlackElo "2296"]
[PlyCount "53"]
[GameId "2160767911966356"]
[EventDate "1997.03.09"]
[EventType "tourn"]
[EventRounds "9"]
[EventCountry "CAN"]

1. a3 g6 2. g3 Bg7 3. Bg2 Nf6 4. Nf3 d5 5. d4 Bf5 6. O-O O-O 7. Nbd2 Nc6 8. Nb3 Qc8 9. Nc5 b6 10. Nd3 Na5 11. Nh4 Bh3 12. Bxh3 Qxh3 13. Nf4 Qd7 14. Nf3 c5 15. b4 cxb4 16. axb4 Nc4 17. Ne5 Qb5 18. Nxc4 Qxc4 19. Qd3 Qxd3 20. exd3 Rfc8 21. Ra2 Rc7 22. Bd2 e6 23. c3 Ne8 24. Ne2 Nd6 25. Bf4 Rc6 26. Bxd6 Rxd6 27. Rfa1 1/2-1/2

[Event "CAN-ch U16"]
[Site "Victoria CAN"]
[Date "1997.03.12"]
[Round "6"]
[White "Chin, Garrett"]
[Black "Ho, Andrew"]
[Result "0-1"]
[WhiteElo "1999"]
[BlackElo "2309"]
[PlyCount "72"]
[GameId "2160767911966357"]
[EventDate "1997.03.09"]
[EventType "tourn"]
[EventRounds "9"]
[EventCountry "CAN"]

1. e4 c5 2. Nf3 e6 3. d3 Nc6 4. g3 g6 5. Bg2 Bg7 6. O-O Nge7 7. c3 d5 8. Na3 b6 9. Nc2 Ba6 10. Re1 dxe4 11. dxe4 Qc7 12. Bf1 Rd8 13. Bxa6 Rxd1 14. Rxd1 O-O 15. Be3 Rd8 16. Be2 Rxd1+ 17. Rxd1 Ne5 18. Nxe5 Bxe5 19. Bb5 Nc6 20. Bh6 Bg7 21. Bxg7 Kxg7 22. Ne3 Nb8 23. f4 a6 24. Be2 b5 25. Kf2 Nd7 26. e5 c4 27. Nc2 Qc5+ 28. Kg2 Nb6 29. Rd2 Na4 30. Nd4 b4 31. Rc2 bxc3 32. bxc3 Nxc3 33. Nxe6+ fxe6 34. Rxc3 Qd5+ 35. Kf2 Qd4+ 36. Re3 Qd2 0-1